Regímenes laborales especiales (Registro nro. 21693)

Detalles MARC
000 -Cabecera
Campo de control interno 00665nam a2200229Ia 4500
005 - Fecha y hora del registro
control field 20260407084600.0
008 - Elementos de Longitud Fija
fixed length control field 260320s9999||||xx |||||||||||||| ||und||
020 ## - ISBN
ISBN 9786123331542
041 ## - Idioma
Codigo Idioma ESP
082 ## - DEWEY y NOTACIÓN INTERNA
Dewey 348.6
Notación Interna C24
100 ## - AUTOR
Autor denominación Campos Torres, Sara,
Término de relación autor
245 #0 - TÍTULO DE MATERIAL BIBLIOGRÁFICO
Título Regímenes laborales especiales
250 ## - EDICIÓN
Edición Segunda edición
260 ## - CIUDAD, EDITORIAL, AÑO
Ciudad Lima :
Nombre de la Editorial Gaceta Jurídica
Año 2025
300 ## - DESCRIPCIÓN
N° Páginas 431 páginas :
Otros detalles cuadros ;
Dimensiones 25 cm.
650 ## - TEMAS
Temas Ciencias Sociales
653 ## - DESCRIPTORES
Lenguajes no controlado Derecho; Derecho del trabajo
654 ## - PROGRAMAS
Programa Dpto. de Derecho y Ciencia Política
856 ## - URL - UBICACIÓN
URI/URL: Enlace exacto del recurso <a href="https://app-vlex-com.ucsp.lookproxy.com/">https://app-vlex-com.ucsp.lookproxy.com/</a>
Nota pública: Versión digital <a href="Véase además: Base de datos Vlex">Véase además: Base de datos Vlex</a>
942 ## - ELEMENTOS DE KOHA
Tipo de documento Libro
Nombre del creador Justo Noguera
Código de catalogador Mirtha Ponce
Esquema de clasificación Dewey Decimal Classification
Existencias
Codigo completo Registro Colección Copia número Disponibilidad Tipo de préstamo Biblioteca Actual Procedencia (Biblioteca) Ubicacón Fecha Ingreso Tipo de Adquisición Date last seen Total checkouts Price effective from Tipo de Item Estado del Material Fuente de Clasificación Damaged status Withdrawn status
348.6 C24 1085264 Universidad Católica San Pablo 1 Disponible Disponible Víctor Andrés Belaunde Víctor Andrés Belaunde Planta baja abierta 07/04/2026 Suscripción 07/04/2026   07/04/2026 Libro Bueno Dewey Decimal Classification